01012nam a2200229 a 450000100100000000500170001000800410002702000180006804000250008608200160011110000430012724500830017026000370025330000280029050000480031850400280036659000260039495201150042095201150053595201150065099900170076500004697320201002053244.0180406s2016 dr a 000 0 spa d a9789945123753 aDO-SdBNPbspacBNPHU axxxxbR696e1 aRodríguez Rosario, Islen Elba97487410aEducación artística 4 :bnivel primario /cIslen Elba Rodríguez Rosario. aSanto Domingo :bSusaeta,c2016. a160 p. :bil. ;c22 cm. aEnfoque por competencias. Nuevo currículo aBibliografía : p. 160 aInventariado, 2018/LP 00107-18PDaGRbGRcOId2018-04-10iLF1l0oxxxx R696ep46973-30r2020-06-25w2020-06-25yLFPDZNo se presta 00107-18PDaPDbPDcOId2018-04-10iLF1l0oxxxx R696ep46973-10r2020-06-25w2020-06-25yLFPDZNo se presta 00107-18PDaPDbPDcOId2018-04-10iLF1l0oxxxx R696ep46973-20r2020-06-25w2020-06-25yLFPDZNo se presta c46461d46461